[Event "Montigny le Bretonneux Noel op 10th"]
[Site "Montigny le Bretonneux"]
[Date "2007.12.27"]
[Round "3"]
[White "Ernouf, Anthony"]
[Black "Imbert, Christophe"]
[Result "1/2-1/2"]
[WhiteElo "1890"]
[BlackElo "2130"]
[PlyCount "150"]
[EventDate "2007.12.26"]
[EventType "swiss"]
[EventRounds "7"]
[EventCountry "FRA"]
[SourceTitle "CBM 122 Extra"]
[Source "ChessBase"]
[SourceDate "2008.03.04"]
[SourceVersion "1"]
[SourceVersionDate "2008.03.04"]
[SourceQuality "1"]

1. d4 Nf6 2. e3 c5 3. Nf3 g6 4. c4 Bg7 5. Bd3 0-0 6. 0-0 d6 7. Nc3 Bg4 8. h3 Bc8 9. Qc2 Nc6 10. a3 Nd7 11. Ne2 e5 12. d5 Ne7 13. Rb1 f5 14. e4 fxe4 15. Bxe4 Nf6 16. Ng3 Nxe4 17. Qxe4 Nf5 18. Bg5 Qb6 19. Ne2 h6 20. Bh4 g5 21. Bg3 Qb3 22. Nd2 Qb6 23. b4 Ne7 24. Qe3 cxb4 25. Qxb6 axb6 26. axb4 Ra2 27. Rfd1 Bf5 28. Rbc1 Bc2 29. Nc3 Rb2 30. Re1 e4 31. Ncxe4 Bxe4 32. Rxe4 Nf5 33. Nf3 h5 34. Nxg5 Bd4 35. Kh2 Nxg3 36. fxg3 Rff2 37. Re8+ Kg7 38. Ne6+ Kf7 39. Rf8+ Ke7 40. Rxf2 Bxf2 41. Nf4 Rb3 42. Nxh5 Rxb4 43. Rc2 Bd4 44. Nf4 Rb1 45. h4 Kf6 46. g4 Ke5 47. Ne6 Bg1+ 48. Kh3 Ke4 49. h5 Kd3 50. Ra2 Kxc4 51. Nc7 b5 52. g5 Bd4 53. g6 Be5 54. Ne8 Kxd5 55. g7 Rb3+ 56. Kh4 Rg3 57. h6 Kc4 58. h7 Rxg7 59. Nxg7 Bxg7 60. Rc2+ Kd3 61. Rc8 d5 62. h8Q Bxh8 63. Rxh8 b4 64. Rb8 b5 65. Rxb5 Kc4 66. Rb8 d4 67. g4 d3 68. g5 b3 69. g6 d2 70. g7 d1Q 71. g8Q+ Kc3 72. Rc8+ Kb2 73. Qg7+ Kb1 74. Qf6 Qc2 75. Rxc2 bxc2 1/2-1/2